|
|
|
|
| LEADER |
00000nam a22000007a 4500 |
| 005 |
20180720221021.0 |
| 007 |
cr|||| |||| |
| 008 |
180720s2018 br |||||s|||| 00||0 por d |
| 020 |
|
|
|a 978-85-361-9593-3
|
| 035 |
|
|
|a 21904
|
| 040 |
|
|
|a vLex
|
| 090 |
|
|
|c 8074
|d 8074
|
| 100 |
1 |
|
|a Mx̀imo Teodoro, Maria Cecl̕ia
|
| 245 |
1 |
1 |
|a O Princp̕io da Adequaȯ̂ Setorial Negociada no Direito do Trabalho
|h [Recurso electrn̤ico] /
|c Maria Cecl̕ia Mx̀imo Teodoro
|
| 256 |
|
|
|a Servicio en ln̕ea
|
| 260 |
|
|
|a San Pablo:
|b LTR,
|c 2018
|
| 300 |
|
|
|a 1 recurso electrn̤ico
|
| 500 |
|
|
|a Em tempos de reforma trabalhista, o retorno aos institutos, fundamentos e princp̕ios que constituem o Direito do Trabalho e lhe dô sistematicidade e coern̊cia ̌crucial. A relaȯ̂ entre as normas coletivamente pactuadas com as regras e princp̕ios positivados no ordenamento jurd̕ico estatal ̌um dos temas candentes que merecem reflexô e aprofundamento. Compreender a negociaȯ̂ coletiva de trabalho como um processo imerso na dialťica dos conflitos, com seus avanȯs, recuos, medidas de conflito e procedimentos de equacionamento ̌tô importante quanto examinar os instrumentos jurd̕icos dela resultantes: os acordos e as convenė̳s coletivas. E ̌exatamente sobre os objetivos e os limites das normas coletivas de trabalho que esta obra trata. Maria Cecl̕ia Mx̀imo Teodoro ̌respeitada professora de Direito do Trabalho, advogada trabalhista, doutora e mestre em Direito. Em seu labor no magistřio jurd̕ico, ela desperta vocaė̳s, espraia conhecimentos e agrega reflexe̳s em torno do trabalho humano, de sua apropriaȯ̂ no modo capitalista de produȯ̂ e do Direito que suporta e d ̀suporte s̉ relaė̳s laborais decorrentes. No grupo de pesquisa Retrabalhando o Direito – RED, da PUC-Minas, vinculado ̉Rede Nacional de Grupos de Pesquisa e Extensô em Direito do Trabalho e da Seguridade Social – Renapedts, discute e aprofunda queste̳s candentes para o Direito do Trabalho. Com sua produȯ̂, oferece ̉sociedade e ̉comunidade profissional elementos para uma maior inteligibilidade do fenm̥eno jurd̕ico. No livro que o leitor tem em môs, a autora apresenta com percucin̊cia, clareza e competn̊cia sua leitura sobre as funė̳s de adequaȯ̂ setorial que a negociaȯ̂ coletiva adquire no Brasil, em trabalho oriundo de sua dissertaȯ̂ de mestrado. Atualizada com as substanciais mudanȧs promovidas pela Lei n. 13.467 de 2017, a segunda ediȯ̂ chega s̉ livrarias quando mais se exige compreensô e crt̕ica sobre os mecanismos de integraȯ̂ das normas coletivas autn̥omas aos sistemas de fontes hetern̥omas do Direito do Trabalho. Uma necessr̀ia leitura!
|
| 506 |
1 |
|
|a Disponible solo en los productos indicados
|d vLex Global
|d vLex Global (Academic Edition, excluding Law Schools)
|d vLex Global (U.S. Academic Edition, Law Schools)
|d vLex Global (U.S. Academic Edition, excluding Law Schools)
|d vLex Global (Academic Edition, Law Schools)
|
| 650 |
0 |
4 |
|a Derecho Laboral y Seguridad Social
|z Brasil
|
| 740 |
0 |
|
|a vLex Libros (Servicio en ln̕ea)
|
| 856 |
4 |
0 |
|u http://vlex.com/source/principio-da-adequa-o-setorial-negociada-no-direito-do-trabalho-21904
|z Acceso restringido
|
| 942 |
|
|
|c BOOK
|
| 999 |
0 |
|
|a Labor law and social security
|